000 00542nam a22002297a 4500
001 63960
003 UA-OsUOA
005 20211024180417.0
007 ta
008 20091027b un ||||| |||| 00| 0 ukr d
040 _aUA-OsUOA
_brus
_cUA-OsUOA
_dUA-OsUOA
041 _arus
080 _a94(470+571)
090 _a94(470+571)
_bН57
100 _aНеустроев С. А.
245 _aПуть к рейхстагу
260 _aМ.
_c1961
300 _a94 с.
650 7 _a94 Історія
_2UDC
942 _cBK
_2udc
955 _a2
999 _c350030
_d350030